|
|
|
|
| LEADER |
00720nam#a2200253#a#4500 |
| 001 |
003630 |
| 005 |
20160721142900.0 |
| 008 |
961003s1975####sp##################spa#d |
| 020 |
|
|
|a 8424403738
|
| 040 |
|
|
|a AR-beUNQ
|
| 099 |
|
|
|a 16-A6
|
| 100 |
1 |
|
|a Amin, Samir
|
| 245 |
0 |
3 |
|a La crisis del imperialismo
|c Samir Amin, Alexandre Faire, Mahmoud Hussein.
|
| 260 |
|
|
|a Barcelona :
|b Fontanella,
|c 1975
|
| 300 |
|
|
|a 181 p. :
|b tablas
|
| 490 |
0 |
|
|a Libros de confrontación : serie economía ;
|v v. 3
|
| 650 |
|
7 |
|a COLONIALISMO
|2 Spines
|
| 650 |
|
7 |
|a CAPITALISMO
|2 Spines
|
| 650 |
|
7 |
|a CRISIS ECONOMICA
|2 Spines
|
| 700 |
1 |
|
|a Faire, Alexandre
|
| 700 |
1 |
|
|a Hussein, Mahmoud
|
| 929 |
|
|
|j 19213
|
| 942 |
|
|
|c LIB
|n 0
|
| 999 |
|
|
|c 6406
|d 81793
|